000 00602nam a2200205Ia 4500
003 GCL
008 140319s9999 xx 000 0 ara d
040 _aGCL /
_cGCL
082 0 4 _a364.134
_bا.ج
100 1 _aاحمد عبدالظاهر الطيب
245 1 0 _aجرائم الجلسات /
_cاحمد عبدالظاهر الطيب
260 _a[S.N] :
_bالمكتبة القانونية ،
_c1987
300 _a303 ص
490 _a
650 0 4 _aالقانون
650 0 4 _aالجريمة والمجرمون
650 0 4 _aالمحامون
650 0 4 _aالمحاكم
942 _2ddc
_cBK
999 _c53909
_d53909